[Event "1st CRO junior liga"]
[Site "Sveti Filip i Jakov"]
[Date "2018.04.04"]
[Round "4.8"]
[White "Ghersinich, Carlo"]
[Black "Mesar, Vedran"]
[Result "0-1"]
[WhiteElo "1143"]
[BlackElo "1638"]
[PlyCount "102"]
[EventDate "2018.??.??"]
[WhiteClock "1:30:00"]
[BlackClock "1:30:00"]

1. d4 Nf6 2. Nf3 e6 3. Bf4 d5 4. e3 c5 5. c3 b6 6. Nbd2 Be7 7. Bd3 O-O 8. O-O
Nh5 9. c4 Nxf4 10. exf4 dxc4 11. Be4 Ba6 12. Bxa8 c3 13. Re1 cxd2 14. Qxd2 cxd4
15. Qxd4 Qe8 16. Be4 Bc5 17. Qd2 Qb5 18. a3 Nc6 19. Bxc6 Qxc6 20. b4 Be7 21. a4
Qc4 22. Qd7 Bxb4 23. Rec1 Qxf4 24. Qxa7 Be2 25. Qxb6 Bxf3 26. gxf3 Bd6 27. Rc6
Qxh2+ 28. Kf1 Qh1+ 29. Ke2 Qxa1 30. Rxd6 Qa2+ 31. Rd2 Qc4+ 32. Rd3 Qxa4 33. Rd4
Qc2+ 34. Ke3 h5 35. Qb5 Qf5 36. Qc4 g5 37. f4 Qh3+ 38. f3 g4 39. Ke4 g3 40. Rd1
g2 41. Qc1 h4 42. Ke3 Kh7 43. Qc2+ Kh6 44. Qc5 Rg8 45. Qc1 Qg3 46. Rg1 h3 47.
Qd2 h2 48. Qd1 hxg1=Q+ 49. Qxg1 e5 50. fxe5 Qxe5+ 51. Kf2 Qd4+ 0-1

[Event "1st CRO junior liga"]
[Site "Sveti Filip i Jakov"]
[Date "2018.04.04"]
[Round "4.9"]
[White "Plenca, Jadranko"]
[Black "Levacic, Matej"]
[Result "1-0"]
[WhiteElo "2497"]
[BlackElo "1893"]
[PlyCount "91"]
[EventDate "2018.??.??"]
[WhiteClock "1:27:00"]
[BlackClock "1:30:00"]

1. e4 c6 2. Nc3 d5 3. Nf3 Bg4 4. h3 Bxf3 5. Qxf3 e6 6. d3 Bd6 7. Bd2 Nf6 8. g4
h6 9. h4 Nbd7 10. g5 dxe4 11. dxe4 Ne5 12. Qg2 hxg5 13. hxg5 Rxh1 14. Qxh1 Nfd7
15. f4 Ng6 16. Qf3 Qc7 17. e5 Be7 18. Bd3 Ngf8 19. O-O-O Nc5 20. Bc4 O-O-O 21.
Rh1 Nfd7 22. Rh7 Nb6 23. Be2 Bf8 24. Be3 Nba4 25. Nxa4 Nxa4 26. c3 Qa5 27. Bd4
Nxb2 28. Kxb2 Ba3+ 29. Kc2 Qa4+ 30. Kb1 c5 31. Rxg7 cxd4 32. Rxf7 Rd5 33. c4 d3
34. Bxd3 Qb4+ 35. Kc2 Qa4+ 36. Kd2 Qxc4 37. Ke2 Qxa2+ 38. Kf1 Bc5 39. g6 Qa1+
40. Kg2 Qg1+ 41. Kh3 Rd7 42. Rxd7 Kxd7 43. Qxb7+ Kd8 44. Qb8+ Ke7 45. Qc7+ Ke8
46. Bb5+ 1-0

[Event "1st CRO junior liga"]
[Site "Sveti Filip i Jakov"]
[Date "2018.04.04"]
[Round "4.10"]
[White "Jankovic, Antonio"]
[Black "Muha, Miljenko"]
[Result "0-1"]
[WhiteElo "1792"]
[BlackElo "2395"]
[PlyCount "72"]
[EventDate "2018.??.??"]
[WhiteClock "1:30:00"]
[BlackClock "1:30:00"]

1. d4 Nf6 2. c4 g6 3. Nf3 Bg7 4. Nc3 d5 5. Bf4 O-O 6. h4 c5 7. e3 Nc6 8. dxc5
Qa5 9. Rc1 Rd8 10. Qb3 Qxc5 11. Be2 a6 12. Bc7 Nd4 13. Qb6 Qxb6 14. Bxb6 Nxe2
15. Kxe2 Re8 16. cxd5 Bg4 17. Rhd1 Nd7 18. Bd4 Ne5 19. Ne4 Rad8 20. Bb6 Rc8 21.
Bc7 Nc6 22. d6 f5 23. Nf6+ Bxf6 24. d7 e5 25. dxe8=Q+ Rxe8 26. Rd6 Be7 27. Rd7
e4 28. Bg3 Bf6 29. Rd2 Be5 30. Bxe5 Nxe5 31. Rc7 exf3+ 32. gxf3 Bxf3+ 33. Kf1
Bc6 34. a4 a5 35. f4 Nc4 36. Rh2 Nxe3+ 0-1

[Event "1st CRO junior liga"]
[Site "Sveti Filip i Jakov"]
[Date "2018.04.04"]
[Round "4.11"]
[White "Cvitan, Ena"]
[Black "Birkic, Josip"]
[Result "1-0"]
[WhiteElo "2159"]
[BlackElo "1781"]
[PlyCount "67"]
[EventDate "2018.??.??"]
[WhiteClock "1:27:00"]
[BlackClock "1:30:00"]

1. d4 Nf6 2. Nf3 e6 3. Bf4 b6 4. e3 Bb7 5. Nbd2 Nc6 6. c3 Ne7 7. h3 Ng6 8. Bh2
Be7 9. Bd3 d5 10. Qe2 Bd6 11. Bb5+ c6 12. Bd3 Bxh2 13. Nxh2 O-O 14. Ng4 Re8 15.
h4 Nxg4 16. Qxg4 f5 17. Qg3 Qf6 18. h5 Nf8 19. Nf3 Rad8 20. Ne5 Nd7 21. f4 Nxe5
22. fxe5 Qe7 23. Qf4 Rf8 24. Kd2 h6 25. Rag1 Qg5 26. b4 b5 27. a4 a6 28. a5 Rd7
29. Qxg5 hxg5 30. h6 g6 31. g4 Kh7 32. gxf5 gxf5 33. Rxg5 Rg8 34. Rxf5 1-0

[Event "1st CRO junior liga"]
[Site "Sveti Filip i Jakov"]
[Date "2018.04.04"]
[Round "4.12"]
[White "Ljubicic, Mario"]
[Black "Duda, Daniel"]
[Result "0-1"]
[WhiteElo "1738"]
[BlackElo "1972"]
[PlyCount "136"]
[EventDate "2018.??.??"]
[WhiteClock "1:30:00"]
[BlackClock "1:30:00"]

1. e4 c5 2. Nf3 g6 3. d4 cxd4 4. Nxd4 Nc6 5. Bc4 Bg7 6. Nxc6 bxc6 7. Nc3 e6 8.
O-O d5 9. exd5 exd5 10. Re1+ Be6 11. Bb3 Ne7 12. Bf4 O-O 13. Be5 Nf5 14. Bxg7
Nxg7 15. Qd4 Qg5 16. Re5 Nf5 17. Qc5 Rfc8 18. Rae1 h5 19. h3 Qf4 20. Ba4 Rab8
21. Bb3 Nd4 22. Qxa7 Bxh3 23. R5e3 Be6 24. Qc5 Nf5 25. Re5 Nh6 26. R5e3 Ng4 27.
Rg3 h4 28. Rh3 Nh6 29. Rf3 Qg5 30. Qd6 h3 31. Rg3 Qh5 32. Qf4 h2+ 33. Kh1 Ng4
34. Rxe6 Rb4 35. Ne4 fxe6 36. Nf6+ Nxf6 37. Qxb4 Rf8 38. f3 Ne4 39. Qe1 Nxg3+
40. Qxg3 Rf7 41. c3 Qf5 42. Qf2 Qb1+ 43. Kxh2 Rh7+ 44. Kg3 Qh1 45. Qd4 c5 46.
Qf6 Qh2+ 47. Kf2 Qh4+ 48. Qxh4 Rxh4 49. Kg3 Rh1 50. Bc2 Kf7 51. Kf4 Kf6 52. a4
Rc1 53. Bd3 c4 54. Be2 Rc2 55. Ke3 Rxb2 56. g3 Ra2 57. Bd1 e5 58. f4 g5 59.
fxg5+ Kxg5 60. Bf3 e4 61. Bd1 Kf5 62. Bh5 Rxa4 63. Kd4 Ra5 64. Bf7 Kg4 65. Be6+
Kxg3 66. Bxd5 Rxd5+ 67. Kxd5 e3 68. Kxc4 e2 0-1

[Event "1st CRO junior liga"]
[Site "Sveti Filip i Jakov"]
[Date "2018.04.04"]
[Round "4.13"]
[White "Dasic, Jelena"]
[Black "Tica, Sven"]
[Result "0-1"]
[WhiteElo "1823"]
[BlackElo "2442"]
[PlyCount "84"]
[EventDate "2018.??.??"]
[WhiteClock "1:24:00"]
[BlackClock "1:30:00"]

1. d4 Nf6 2. c4 e6 3. Nf3 d5 4. e3 a6 5. Nc3 dxc4 6. Bxc4 b5 7. Bb3 Bb7 8. O-O
Nbd7 9. Re1 Be7 10. a3 c5 11. Bc2 O-O 12. e4 cxd4 13. Nxd4 Ne5 14. Bf4 Nc4 15.
Nf3 Qxd1 16. Nxd1 Rac8 17. Bd3 Rfd8 18. Bxc4 Rxc4 19. Nd2 Rcd4 20. Nc3 Rxd2 21.
Bxd2 Rxd2 22. b4 Rc2 23. Rac1 Rxc1 24. Rxc1 Nxe4 25. Nxe4 Bxe4 26. Rc7 Bf8 27.
Ra7 g5 28. Rxa6 Bc2 29. Rc6 Ba4 30. Rc8 Kg7 31. Kf1 Bd6 32. Rc3 h5 33. h3 Be5
34. Re3 Bd4 35. Rd3 e5 36. Ke2 Bc2 37. Rd2 Be4 38. f3 Bd5 39. Kd1 h4 40. Kc2
Kf6 41. Kd3 Kf5 42. Kc2 Kf4 0-1

[Event "1st CRO junior liga"]
[Site "Sveti Filip i Jakov"]
[Date "2018.04.04"]
[Round "4.14"]
[White "Starcevic, Ante Leon"]
[Black "Petrovic, David"]
[Result "1-0"]
[WhiteElo "2148"]
[BlackElo "1651"]
[PlyCount "75"]
[EventDate "2018.??.??"]
[WhiteClock "1:27:00"]
[BlackClock "1:30:00"]

1. d4 d5 2. c4 Nf6 3. Nf3 e6 4. g3 b6 5. cxd5 exd5 6. Bg2 Bb7 7. Nc3 Be7 8.
Qa4+ Nbd7 9. Ne5 O-O 10. Nc6 Bxc6 11. Qxc6 Bb4 12. O-O Bxc3 13. bxc3 Re8 14.
Re1 Nf8 15. Bg5 Re6 16. Qb7 c6 17. Bh3 Re7 18. Qxc6 Rc7 19. Bxf6 Rxc6 20. Bxd8
Rxd8 21. Rac1 Ne6 22. f4 g6 23. e3 Nc7 24. Bf1 b5 25. Rc2 a5 26. Kf2 a4 27. a3
f5 28. Rb1 Rb8 29. Bd3 Kg7 30. Ke2 Kf6 31. Kd2 Rcb6 32. Rcb2 Ke6 33. c4 b4 34.
c5 R6b7 35. Rxb4 Rxb4 36. Rxb4 Rxb4 37. axb4 Kd7 38. b5 1-0

[Event "1st CRO junior liga"]
[Site "Sveti Filip i Jakov"]
[Date "2018.04.04"]
[Round "4.15"]
[White "Jurotic, Nino"]
[Black "Markovic, Franjo-Josip"]
[Result "1/2-1/2"]
[WhiteElo "1617"]
[BlackElo "2034"]
[PlyCount "43"]
[EventDate "2018.??.??"]
[WhiteClock "1:21:00"]
[BlackClock "1:30:00"]

1. d4 Nf6 2. c4 g6 3. Nc3 d5 4. cxd5 Nxd5 5. e4 Nxc3 6. bxc3 Bg7 7. Bc4 c5 8.
Ne2 Nc6 9. d5 Ne5 10. Bb5+ Bd7 11. Rb1 O-O 12. f4 Bxb5 13. Rxb5 Nd7 14. Rxb7
Nb6 15. Qd3 c4 16. Qh3 Re8 17. Be3 e6 18. dxe6 Rxe6 19. e5 Qd3 20. Qf3 Nd5 21.
Rd7 Qxe3 22. Qxd5 1/2-1/2

[Event "1st CRO junior liga"]
[Site "Sveti Filip i Jakov"]
[Date "2018.04.04"]
[Round "4.16"]
[White "Toplak, Juraj"]
[Black "Vujic, Agata"]
[Result "1-0"]
[WhiteElo "2029"]
[BlackElo "1586"]
[PlyCount "53"]
[EventDate "2018.??.??"]
[WhiteClock "1:30:00"]
[BlackClock "1:30:00"]

1. e4 e5 2. Nf3 Nf6 3. Nc3 Nc6 4. d4 exd4 5. Nxd4 Bb4 6. Qd3 Nxd4 7. Qxd4 Bxc3+
8. Qxc3 Nxe4 9. Qxg7 Qf6 10. Qxf6 Nxf6 11. Bd3 d6 12. Be3 Be6 13. O-O-O Nd5 14.
Bd4 f6 15. Be4 Kf7 16. a3 c6 17. Bf3 Ne7 18. Bh5+ Ng6 19. f4 Kg7 20. f5 Nf4 21.
fxe6 Nxh5 22. Rhf1 Kg6 23. g4 Ng7 24. Rxf6+ Kg5 25. h4+ Kxg4 26. Rg1+ Kh5 27.
Rxg7 1-0

[Event "1st CRO junior liga"]
[Site "Sveti Filip i Jakov"]
[Date "2018.04.04"]
[Round "4.17"]
[White "Tomulic, Teo"]
[Black "Blazeka, Mihaela"]
[Result "1/2-1/2"]
[WhiteElo "2298"]
[BlackElo "2094"]
[PlyCount "70"]
[EventDate "2018.??.??"]
[WhiteClock "1:30:00"]
[BlackClock "1:30:00"]

1. e4 e5 2. Nf3 Nc6 3. Bb5 a6 4. Ba4 Nf6 5. O-O Be7 6. Re1 b5 7. Bb3 O-O 8. c3
d6 9. h3 Nb8 10. d4 Nbd7 11. Nbd2 c5 12. Nf1 exd4 13. cxd4 cxd4 14. Nxd4 Bb7
15. Ng3 g6 16. Bc2 Re8 17. Bh6 Qb6 18. Qd2 Ne5 19. Rad1 d5 20. exd5 Nc4 21. Qc1
Bc5 22. Rxe8+ Rxe8 23. Nge2 Nxd5 24. Bb3 Rxe2 25. Nxe2 Bxf2+ 26. Kh2 Be3 27.
Bxe3 Ndxe3 28. Bxc4 Qc7+ 29. Ng3 Nxd1 30. Bxf7+ Qxf7 31. Qxd1 Qxa2 32. Qd8+ Kg7
33. Qe7+ Qf7 34. Qe5+ Kg8 35. Qb8+ Kg7 1/2-1/2

[Event "1st CRO junior liga"]
[Site "Sveti Filip i Jakov"]
[Date "2018.04.04"]
[Round "4.18"]
[White "Smetisko, Josip"]
[Black "Safar, Sandro"]
[Result "0-1"]
[WhiteElo "1880"]
[BlackElo "2224"]
[PlyCount "56"]
[EventDate "2018.??.??"]
[WhiteClock "1:30:00"]
[BlackClock "1:30:00"]

1. e4 c5 2. Nf3 Nc6 3. d4 cxd4 4. Nxd4 g6 5. c4 Bg7 6. Be3 d6 7. Nc3 Nf6 8. Be2
Bd7 9. O-O Nxd4 10. Bxd4 Bc6 11. f3 a5 12. b3 O-O 13. Qd2 Nd7 14. Be3 Nc5 15.
Rab1 Qc7 16. Rfc1 Rfc8 17. Nd5 Qd8 18. Rc2 h5 19. a3 Bxd5 20. cxd5 a4 21. Bxc5
axb3 22. Rxb3 Rxc5 23. Rxb7 Rxa3 24. Rb1 Qc7 25. Bd1 Qa7 26. Kh1 Rxc2 27. Bxc2
Ra2 28. Rb5 Qc7 0-1

[Event "1st CRO junior liga"]
[Site "Sveti Filip i Jakov"]
[Date "2018.04.04"]
[Round "4.19"]
[White "Troselj, Ivan"]
[Black "Djukin, Marko"]
[Result "0-1"]
[WhiteElo "1722"]
[BlackElo "1896"]
[PlyCount "62"]
[EventDate "2018.??.??"]
[WhiteClock "1:30:00"]
[BlackClock "1:30:00"]

1. e4 b6 2. d4 Bb7 3. Nc3 e6 4. Nf3 Bb4 5. Bd3 Nf6 6. e5 Ne4 7. Bxe4 Bxe4 8.
O-O Bb7 9. a3 Bxc3 10. bxc3 Nc6 11. Bg5 f6 12. exf6 gxf6 13. Bh4 Na5 14. Ne5 h5
15. Re1 Qe7 16. Re3 O-O-O 17. Rf3 Rh6 18. Qd2 Rdh8 19. Rg3 Qh7 20. Nd3 Nc4 21.
Qf4 Nd6 22. Bxf6 Rf8 23. Qxh6 Qxh6 24. Bg7 Qd2 25. Bxf8 Qxc3 26. Rc1 Be4 27.
Bh6 Nf5 28. Rg8+ Kb7 29. Bf4 Nxd4 30. Rg3 Ne2+ 31. Kh1 Nxc1 0-1

[Event "1st CRO junior liga"]
[Site "Sveti Filip i Jakov"]
[Date "2018.04.04"]
[Round "4.20"]
[White "Svabenic, Stjepan"]
[Black "Zekic, Patrik"]
[Result "0-1"]
[WhiteElo "1225"]
[BlackElo "1508"]
[PlyCount "112"]
[EventDate "2018.??.??"]
[WhiteClock "1:30:00"]
[BlackClock "1:30:00"]

1. d4 d5 2. c4 e6 3. Nc3 Nf6 4. Nf3 Nbd7 5. b3 Be7 6. e3 c6 7. Bd3 O-O 8. O-O
b6 9. Bb2 Bb7 10. Qc2 Rc8 11. Ne5 h6 12. f4 c5 13. Nb5 a6 14. Nc3 Nb8 15. a4
dxc4 16. bxc4 cxd4 17. exd4 Qxd4+ 18. Kh1 Qc5 19. Ba3 Qc7 20. Bxe7 Qxe7 21.
Rab1 Qc7 22. Qb3 Nbd7 23. Rfe1 Rb8 24. Nxd7 Nxd7 25. f5 Nc5 26. Qc2 Nxd3 27.
Qxd3 Rfd8 28. Qe3 exf5 29. Rxb6 Bxg2+ 30. Kxg2 Qxb6 31. Qxb6 Rxb6 32. Nd5 Re6
33. Rf1 g6 34. Rc1 Red6 35. Ne7+ Kf8 36. Nd5 Rxd5 37. cxd5 Rxd5 38. Rc8+ Ke7
39. Rc7+ Ke6 40. Rc6+ Rd6 41. Rc1 g5 42. Re1+ Kf6 43. Kg3 Rd3+ 44. Kg2 Ra3 45.
Rd1 Rxa4 46. Rd6+ Kg7 47. Rd5 Kg6 48. Rd6+ f6 49. Kg3 Ra2 50. h4 Ra3+ 51. Kg2
gxh4 52. Rd1 a5 53. Rh1 Kg5 54. Rg1 Rg3+ 55. Kf2 Rxg1 56. Kxg1 a4 0-1

[Event "1st CRO junior liga"]
[Site "Sveti Filip i Jakov"]
[Date "2018.04.04"]
[Round "4.21"]
[White "Cotic, Borna"]
[Black "Hajpek, Erik"]
[Result "1-0"]
[WhiteElo "2028"]
[BlackElo "1790"]
[PlyCount "93"]
[EventDate "2018.??.??"]
[WhiteClock "1:28:00"]
[BlackClock "1:30:00"]

1. e4 e5 2. Nf3 Nc6 3. Nc3 Nf6 4. d4 exd4 5. Nxd4 Bb4 6. Nxc6 bxc6 7. Bd3 d5 8.
exd5 cxd5 9. O-O O-O 10. h3 h6 11. Qf3 c6 12. Bf4 Be6 13. Ne2 Bd6 14. b3 Re8
15. Rfe1 Rb8 16. Rad1 Bxf4 17. Nxf4 Qc7 18. c4 dxc4 19. Nxe6 Rxe6 20. Rxe6 fxe6
21. Bxc4 Nd5 22. Re1 Re8 23. Qg4 Qf7 24. Qd4 Kh8 25. Qe5 Qf8 26. a4 a5 27. Re4
Kg8 28. f4 g6 29. g4 Kh7 30. Kh2 Re7 31. Qd6 Qf6 32. Qe5 Qf8 33. Bxd5 cxd5 34.
Re3 Rf7 35. Kg3 Qb4 36. Rf3 Qb6 37. Kg2 d4 38. h4 Rd7 39. Qe4 Rc7 40. h5 Rg7
41. Rd3 Qd8 42. Rxd4 Qh4 43. hxg6+ Kh8 44. Qxe6 h5 45. Qe8+ Rg8 46. g7+ Kxg7
47. Rd7+ 1-0

[Event "1st CRO junior liga"]
[Site "Sveti Filip i Jakov"]
[Date "2018.04.04"]
[Round "4.22"]
[White "Drempetic, Mario"]
[Black "Simunic, Krunoslav"]
[Result "0-1"]
[WhiteElo "1767"]
[BlackElo "2060"]
[PlyCount "84"]
[EventDate "2018.??.??"]
[WhiteClock "1:30:00"]
[BlackClock "1:30:00"]

1. d4 d5 2. c4 e6 3. Nc3 Nf6 4. cxd5 exd5 5. Bg5 c6 6. Qc2 g6 7. e3 Bf5 8. Bd3
Bxd3 9. Qxd3 Be7 10. Nf3 Nbd7 11. O-O O-O 12. Rab1 a5 13. Rfe1 Ne4 14. Bxe7
Qxe7 15. Nd2 f5 16. f3 Nxd2 17. Qxd2 Rae8 18. a3 Rf6 19. Re2 Re6 20. Rbe1 Nb6
21. Qd3 Nc4 22. e4 fxe4 23. fxe4 Qg5 24. e5 Rf8 25. Na4 b6 26. Ra1 Qf4 27. h3
Nxe5 28. Qd1 Nf3+ 29. gxf3 Rxe2 30. Qxe2 Qxd4+ 31. Kh2 Qxa4 32. Qe6+ Kg7 33.
Qe7+ Rf7 34. Qe5+ Kh6 35. b4 Qc2+ 36. Kg3 Qd3 37. bxa5 bxa5 38. Kg2 Qxf3+ 39.
Kg1 Rf5 40. Qb2 Rg5+ 41. Kh2 Qg3+ 42. Kh1 Qxh3+ 0-1

[Event "1st CRO junior liga"]
[Site "Sveti Filip i Jakov"]
[Date "2018.04.04"]
[Round "4.23"]
[White "Denic, Marin"]
[Black "Hajpek, Egon"]
[Result "0-1"]
[WhiteElo "1523"]
[BlackElo "1538"]
[PlyCount "86"]
[EventDate "2018.??.??"]
[WhiteClock "1:30:00"]
[BlackClock "1:30:00"]

1. e4 e5 2. Nf3 Nc6 3. Bb5 a6 4. Ba4 Nf6 5. O-O d6 6. Re1 Be7 7. h3 O-O 8. c3
b5 9. Bc2 d5 10. d4 exd4 11. e5 Ne4 12. cxd4 Bb4 13. Bd2 Nxd2 14. Nbxd2 Be6 15.
a3 Be7 16. Rc1 Na5 17. Bb1 Qd7 18. Qc2 g6 19. Qxc7 Nc4 20. Qxd7 Bxd7 21. Nxc4
bxc4 22. Nh2 Rab8 23. Re2 Rb6 24. g4 Rfb8 25. Ree1 Rxb2 26. Nf1 Bxa3 27. Ne3
Bc6 28. Bc2 Be7 29. Ra1 R8b6 30. Ba4 Bh4 31. Rf1 Bb7 32. Bd7 Rd2 33. Rad1 Rbb2
34. Rxd2 Rxd2 35. Ng2 Be7 36. Rb1 c3 37. Ne3 Bh4 38. Kh1 Bxf2 39. Nf1 Rb2 40.
Rxb2 cxb2 41. Nd2 Bxd4 42. Kg2 Bxe5 43. Kf2 d4 0-1

[Event "1st CRO junior liga"]
[Site "Sveti Filip i Jakov"]
[Date "2018.04.04"]
[Round "4.24"]
[White "Tukovic, Dario"]
[Black "Cecic-Sule, Dino"]
[Result "1/2-1/2"]
[WhiteElo "1526"]
[BlackElo "1390"]
[PlyCount "57"]
[EventDate "2018.??.??"]
[WhiteClock "1:30:00"]
[BlackClock "1:30:00"]

1. d4 d5 2. c4 e6 3. Nc3 Nf6 4. Bg5 Be7 5. e3 Nbd7 6. cxd5 exd5 7. Bd3 h6 8.
Bh4 c6 9. Qc2 O-O 10. Nf3 Re8 11. O-O Ne4 12. Bxe7 Qxe7 13. Rab1 a5 14. Nd2 f5
15. Rfe1 Ndf6 16. f3 Nxd2 17. Qxd2 Qd6 18. Bc2 b5 19. e4 fxe4 20. fxe4 dxe4 21.
Nxe4 Nxe4 22. Rxe4 Rxe4 23. Bxe4 Be6 24. Rc1 Bd5 25. Qe3 Bxe4 26. Qxe4 Rd8 27.
Rxc6 Qxd4+ 28. Qxd4 Rxd4 29. Rc2 1/2-1/2

[Event "1st CRO junior liga"]
[Site "Sveti Filip i Jakov"]
[Date "2018.04.05"]
[Round "5.1"]
[White "Jurakic, Lukas"]
[Black "Zadravec, Matija"]
[Result "1/2-1/2"]
[WhiteElo "1698"]
[BlackElo "2206"]
[PlyCount "50"]
[EventDate "2018.??.??"]
[WhiteClock "1:30:00"]
[BlackClock "1:30:00"]

1. e4 c5 2. Nf3 g6 3. d4 cxd4 4. Nxd4 Nc6 5. c4 Nf6 6. Nc3 d6 7. Be2 Nxd4 8.
Qxd4 Bg7 9. Be3 O-O 10. Qd2 a5 11. O-O a4 12. Rad1 Be6 13. f4 Qa5 14. Bd3 Rfc8
15. Nd5 Bxd5 16. Qxa5 Rxa5 17. cxd5 Nd7 18. b3 axb3 19. axb3 Ra3 20. Bc4 Nc5
21. Bxc5 Rxc5 22. Rf3 b5 23. b4 Rxf3 24. bxc5 Rc3 25. cxd6 exd6 1/2-1/2

[Event "1st CRO junior liga"]
[Site "Sveti Filip i Jakov"]
[Date "2018.04.05"]
[Round "5.2"]
[White "Dabic, Stjepan"]
[Black "Hajpek, Erik"]
[Result "1-0"]
[WhiteElo "2012"]
[BlackElo "1790"]
[PlyCount "71"]
[EventDate "2018.??.??"]
[WhiteClock "1:30:00"]
[BlackClock "1:30:00"]

1. d4 Nf6 2. c4 g6 3. Nc3 Bg7 4. e4 d6 5. f3 O-O 6. Be3 e5 7. d5 c6 8. Bd3 a5
9. Nge2 cxd5 10. cxd5 Na6 11. O-O Bd7 12. Bxa6 Rxa6 13. a4 Ra8 14. Qb3 Qe7 15.
Rfc1 Rfb8 16. Rc2 Ne8 17. Nb5 Rc8 18. Rac1 Qd8 19. Na3 Ra6 20. Nc3 b6 21. Ncb5
Raa8 22. Rxc8 Rxc8 23. Rxc8 Qxc8 24. Nc4 Bxb5 25. Qxb5 f5 26. Qc6 Qd8 27. Bxb6
Qe7 28. b4 fxe4 29. fxe4 axb4 30. a5 b3 31. a6 b2 32. Nxb2 Qh4 33. Qxe8+ Bf8
34. Bf2 Qxe4 35. Qa4 Qxd5 36. Qc4 1-0

[Event "1st CRO junior liga"]
[Site "Sveti Filip i Jakov"]
[Date "2018.04.05"]
[Round "5.3"]
[White "Hajpek, Egon"]
[Black "Kanizaj, Benjamin"]
[Result "0-1"]
[WhiteElo "1538"]
[BlackElo "1940"]
[PlyCount "69"]
[EventDate "2018.??.??"]
[WhiteClock "1:28:00"]
[BlackClock "1:30:00"]

1. e4 c5 2. Nf3 d6 3. d4 cxd4 4. Nxd4 Nf6 5. Nc3 e6 6. Be3 Nc6 7. f3 Be7 8. Qd2
O-O 9. O-O-O a6 10. g4 Qc7 11. h4 b5 12. h5 Nxd4 13. Qxd4 b4 14. Na4 Bb7 15.
Bg2 d5 16. Nb6 Rad8 17. e5 Nd7 18. Nxd7 Rxd7 19. g5 Rc8 20. Qd2 d4 21. Kb1 dxe3
22. Qxd7 Qxc2+ 23. Ka1 e2 24. Rb1 Bd5 25. Rhe1 Qc4 26. Qa4 Bxg5 27. f4 Bh4 28.
Bxd5 exd5 29. e6 fxe6 30. Qd7 Bxe1 31. h6 Bc3 32. Qxe6+ Kh8 33. bxc3 Qxc3+ 34.
Rb2 e1=Q+ 35. Qxe1 0-1

[Event "1st CRO junior liga"]
[Site "Sveti Filip i Jakov"]
[Date "2018.04.05"]
[Round "5.4"]
[White "Colev, Ivor"]
[Black "Tukovic, Dario"]
[Result "1/2-1/2"]
[WhiteElo "1618"]
[BlackElo "1526"]
[PlyCount "92"]
[EventDate "2018.??.??"]
[WhiteClock "1:30:00"]
[BlackClock "1:30:00"]

1. e4 e5 2. Nf3 Nc6 3. Bb5 a6 4. Ba4 Nf6 5. O-O Be7 6. Re1 b5 7. Bb3 d6 8. h3
O-O 9. c3 Nb8 10. d4 Nbd7 11. Bg5 Bb7 12. Nbd2 Re8 13. Bc2 h6 14. Bxf6 Bxf6 15.
Nf1 g6 16. Qd2 Bg7 17. d5 Bf8 18. Ne3 Nb6 19. Bb3 a5 20. a3 Nd7 21. a4 Nc5 22.
Bc2 c6 23. axb5 cxb5 24. b4 axb4 25. cxb4 Na4 26. Reb1 Nb6 27. Bd3 Nc4 28. Nxc4
bxc4 29. Bxc4 Qc7 30. Be2 Qb6 31. Nh2 Bg7 32. Ng4 Kh7 33. Qe3 Qd4 34. Qxd4 exd4
35. Rxa8 Rxa8 36. f3 f5 37. Nf2 Ra3 38. Bb5 Ba6 39. Bxa6 Rxa6 40. b5 Rb6 41.
Nd3 Bf6 42. Kf1 Bd8 43. Ke2 fxe4 44. fxe4 Rb7 45. Ne1 Bb6 46. Kd3 Rc7 1/2-1/2

[Event "1st CRO junior liga"]
[Site "Sveti Filip i Jakov"]
[Date "2018.04.05"]
[Round "5.5"]
[White "Blazeka, Mihaela"]
[Black "Cotic, Borna"]
[Result "1/2-1/2"]
[WhiteElo "2094"]
[BlackElo "2028"]
[PlyCount "69"]
[EventDate "2018.??.??"]
[WhiteClock "1:28:00"]
[BlackClock "1:30:00"]

1. e4 c5 2. Nf3 e6 3. c4 Nc6 4. Nc3 Nd4 5. d3 Ne7 6. Nxd4 cxd4 7. Ne2 Nc6 8. f4
Bb4+ 9. Bd2 Qa5 10. a3 Bxd2+ 11. Qxd2 Qxd2+ 12. Kxd2 d6 13. b4 e5 14. Rb1 f6
15. g3 Bg4 16. h3 Bxe2 17. Bxe2 Ke7 18. c5 Rhc8 19. Rhc1 Nd8 20. Rc4 dxc5 21.
bxc5 Rc6 22. Bg4 Rb8 23. Rb5 Ne6 24. Bxe6 Kxe6 25. Rcb4 b6 26. Rb2 Kd7 27. a4
Kc7 28. fxe5 fxe5 29. cxb6+ Rbxb6 30. a5 Rxb5 31. Rxb5 Kd6 32. Rd5+ Ke6 33. Rb5
Kd6 34. Rd5+ Ke6 35. Rb5 1/2-1/2

[Event "1st CRO junior liga"]
[Site "Sveti Filip i Jakov"]
[Date "2018.04.05"]
[Round "5.6"]
[White "Simunic, Krunoslav"]
[Black "Smetisko, Josip"]
[Result "1/2-1/2"]
[WhiteElo "2060"]
[BlackElo "1880"]
[PlyCount "107"]
[EventDate "2018.??.??"]
[WhiteClock "1:27:00"]
[BlackClock "1:30:00"]

1. d4 Nf6 2. c4 g6 3. Nc3 d5 4. Nf3 Bg7 5. e3 O-O 6. cxd5 Nxd5 7. Bc4 Nxc3 8.
bxc3 c5 9. O-O Nc6 10. Ba3 Na5 11. Be2 cxd4 12. cxd4 b6 13. Qa4 Bd7 14. Bb5
Bxb5 15. Qxb5 a6 16. Qe2 Qd7 17. Rac1 b5 18. Bb4 Nc4 19. Nd2 Nxd2 20. Qxd2 Rfc8
21. Rxc8+ Rxc8 22. Rc1 Rc7 23. Kf1 Qc8 24. Rxc7 Qxc7 25. Qc3 Qxc3 26. Bxc3 e6
27. e4 f5 28. Ke2 Kf7 29. f3 Ke7 30. Bb4+ Kd7 31. d5 exd5 32. exd5 Be5 33. h3
Bd6 34. Bc3 Bc7 35. Bb4 Bd6 36. Bd2 Bc7 37. Kd3 Bb6 38. Bb4 Ba7 39. g4 Bb6 40.
gxf5 gxf5 41. Kc3 Bd8 42. Bf8 Be7 43. Bg7 Bc5 44. Be5 Ba3 45. Kd3 Bc5 46. Bg3
Bb6 47. Bf4 Bc5 48. Bb8 Bb6 49. Kc3 Bc5 50. Kb3 Bd6 51. Kc3 Bc7 52. Ba7 Kd6 53.
Kd4 Bd8 54. Bc5+ 1/2-1/2

[Event "1st CRO junior liga"]
[Site "Sveti Filip i Jakov"]
[Date "2018.04.05"]
[Round "5.7"]
[White "Djukin, Marko"]
[Black "Baric, Marko"]
[Result "1-0"]
[WhiteElo "1896"]
[BlackElo "1638"]
[PlyCount "89"]
[EventDate "2018.??.??"]
[WhiteClock "1:30:00"]
[BlackClock "1:30:00"]

1. e4 e5 2. Nf3 Nc6 3. Bb5 a6 4. Ba4 Nf6 5. O-O Be7 6. Re1 b5 7. Bb3 Bb7 8. c3
d6 9. d3 O-O 10. Nbd2 Re8 11. Nf1 Na5 12. Bc2 c5 13. Bg5 h6 14. Bh4 Nh7 15.
Bxe7 Qxe7 16. Ne3 Ng5 17. Nf5 Qf6 18. Nxg5 hxg5 19. Re3 Bc8 20. g4 Bxf5 21.
gxf5 Qh6 22. Qg4 g6 23. Rh3 gxf5 24. Qxf5 Qg6 25. Qxg6+ fxg6 26. Rg3 Kg7 27.
Rxg5 Rh8 28. Kh1 Raf8 29. Rag1 Rxf2 30. Rxg6+ Kf7 31. Rg7+ Kf8 32. R7g2 Rf3 33.
Re2 Rfh3 34. Rg6 Nb7 35. Bb3 Rxd3 36. Bd5 Rh7 37. Rf2+ Ke8 38. Rg8+ Ke7 39.
Bxb7 a5 40. Bc6 Rd1+ 41. Kg2 d5 42. Bxd5 Re1 43. Rg6 Rh8 44. Rf7+ Ke8 45. Ra6
1-0

[Event "1st CRO junior liga"]
[Site "Sveti Filip i Jakov"]
[Date "2018.04.05"]
[Round "5.8"]
[White "Cecic-Sule, Dino"]
[Black "Svabenic, Stjepan"]
[Result "1-0"]
[WhiteElo "1390"]
[BlackElo "1225"]
[PlyCount "83"]
[EventDate "2018.??.??"]
[WhiteClock "1:21:00"]
[BlackClock "1:30:00"]

1. d4 d5 2. Nf3 Nf6 3. Bf4 e6 4. e3 Nbd7 5. Be2 b6 6. Nbd2 Bb7 7. O-O Be7 8. c4
c5 9. dxc5 Bxc5 10. h3 O-O 11. Rc1 Rc8 12. a3 a5 13. Nb3 Be7 14. cxd5 Bxd5 15.
Rxc8 Qxc8 16. Nbd2 Bc5 17. Qc2 Nh5 18. Bh2 Qc6 19. Rc1 Rc8 20. Nd4 Qb7 21. Bxh5
Bxg2 22. Bf3 Bxf3 23. N4xf3 Qd5 24. b4 axb4 25. axb4 Qh5 26. Kg2 g5 27. bxc5
bxc5 28. Qa4 Nb6 29. Qa6 Rc6 30. Rb1 g4 31. hxg4 Qxg4+ 32. Bg3 h5 33. Rxb6 Rc7
34. Qa8+ Kg7 35. Qe4 Qxe4 36. Nxe4 Rc8 37. Nd6 Ra8 38. Rc6 Ra5 39. Rc7 Kg8 40.
Be5 f6 41. Bxf6 e5 42. Ng5 1-0